000 00309nam a2200109Ia 4500
005 20251222154310.0
008 251222s9999||||xx |||||||||||||| ||spa||
082 _a780.1/V23/1970
100 _a"Valls Gorina, Manuel"
245 0 _aAproximación a la másica: reflexiones en torno al hecho musical
942 _cLIB
999 _c33367
_d33367